| 000 | 01163 am a2200325ua 4500 | ||
|---|---|---|---|
| 001 | 012605354 | ||
| 003 | EG-ScBUE | ||
| 005 | 20220512105427.0 | ||
| 008 | 011105s2001 enk f d 000 0 eng d | ||
| 020 | _a0198603738 | ||
| 020 | _a9780198603733 | ||
| 040 |
_aStDuBDS _beng _erda _cEG-ScBUE _dUk _dEG-ScBUE |
||
| 082 | 0 | 4 |
_a423 _222 _bOXF |
| 245 | 0 | 4 |
_aThe Oxford dictionary, thesaurus, and wordpower guide / _cdictionary editor Catherine Soanes ; thesaurus editor Maurice Waite ; project editor Sara Hawker. |
| 264 | 1 |
_aOxford : _bOxford University Press, _c2001. |
|
| 300 |
_axii, 1542 pages ; _c26 cm. |
||
| 336 |
_atext _2rdacontent _btxt |
||
| 337 |
_aunmediated _2rdamedia _bn |
||
| 338 |
_avolume _2rdacarrier _bnc |
||
| 490 | 0 | _aThe world's most trusted dictionaries | |
| 650 | 7 |
_aEnglish language _vDictionaries. _2BUEsh |
|
| 650 | 7 |
_aEnglish language _xSynonyms and antonyms. _2BUEsh |
|
| 650 | 7 |
_aEnglish language _vVocabulary. _2BUEsh |
|
| 653 |
_bHHUUEENN _cMay2022 |
||
| 655 |
_vReading book _934232 |
||
| 700 | 1 |
_aSoanes, Catherine, _eeditor. |
|
| 700 | 1 |
_aWaite, Maurice, _eeditor. |
|
| 700 | 1 |
_aHawker, Sara, _eeditor. |
|
| 942 |
_2ddc _cREFERENCE |
||
| 999 |
_c29888 _d29859 |
||